<?xml version="1.0" encoding="UTF-8"?>
<record
    xmlns:xsi="http://www.w3.org/2001/XMLSchema-instance"
    xsi:schemaLocation="http://www.loc.gov/MARC21/slim http://www.loc.gov/standards/marcxml/schema/MARC21slim.xsd"
    xmlns="http://www.loc.gov/MARC21/slim">

  <leader>02377nam a2200229Ia 4500</leader>
  <controlfield tag="003">OSt</controlfield>
  <controlfield tag="005">20210811091122.0</controlfield>
  <controlfield tag="008">210310s1999    ck ad  fr     100 0 spa d</controlfield>
  <datafield tag="020" ind1=" " ind2=" ">
    <subfield code="a">9589040624</subfield>
  </datafield>
  <datafield tag="040" ind1=" " ind2=" ">
    <subfield code="a">CO-JMCR</subfield>
    <subfield code="c">CO-JMCR</subfield>
  </datafield>
  <datafield tag="041" ind1="0" ind2=" ">
    <subfield code="a">spa</subfield>
  </datafield>
  <datafield tag="082" ind1="0" ind2="4">
    <subfield code="a">332.6029 /</subfield>
    <subfield code="b">C749c</subfield>
    <subfield code="2">23</subfield>
  </datafield>
  <datafield tag="111" ind1="2" ind2=" ">
    <subfield code="a">Congreso Nacional de Tesorer&#xED;a</subfield>
    <subfield code="n">(4&#xB0; : </subfield>
    <subfield code="d">1999 : </subfield>
    <subfield code="c">Bogot&#xE1;)</subfield>
    <subfield code="9">39254</subfield>
  </datafield>
  <datafield tag="245" ind1="1" ind2="0">
    <subfield code="a">Crisis internacional, mercados financieros y pol&#xED;tica econ&#xF3;mica /</subfield>
    <subfield code="c">Asociaci&#xF3;n Bancaria y de Entidades Financieras de Colombia</subfield>
  </datafield>
  <datafield tag="260" ind1=" " ind2=" ">
    <subfield code="a">Bogot&#xE1; : </subfield>
    <subfield code="b">Asobancaria, </subfield>
    <subfield code="c">1999</subfield>
  </datafield>
  <datafield tag="300" ind1=" " ind2=" ">
    <subfield code="a">385 p&#xE1;ginas : </subfield>
    <subfield code="b">ilustraciones y gr&#xE1;ficas a blanco y negro ; </subfield>
    <subfield code="c">24 cm.</subfield>
  </datafield>
  <datafield tag="505" ind1=" " ind2=" ">
    <subfield code="a">










</subfield>
    <subfield code="t">Econom&#xED;a en el mediano plazo: &#xBF;reactivaci&#xF3;n o crisis? / </subfield>
    <subfield code="r">Juan Jos&#xE9; Echavarr&#xED;a</subfield>
    <subfield code="t">Crisis financiera y mercados emergentes / </subfield>
    <subfield code="r">Yianos Kontopoulos</subfield>
    <subfield code="t">El Banco de la Rep&#xFA;blica y la situaci&#xF3;n econ&#xF3;mica algunas reflexiones / 

</subfield>
    <subfield code="r">Roberto Junguito Bonnet..</subfield>
    <subfield code="t">Comentarios /

</subfield>
    <subfield code="r">Hernando Jos&#xE9; G&#xF3;mez</subfield>
    <subfield code="t">El euro y el desarrollo de los mercados financieros / 
</subfield>
    <subfield code="r">Felipe Illanes</subfield>
    <subfield code="t">De las mejores pr&#xE1;cticas en los mercados de valores / </subfield>
    <subfield code="r">Jorge Hern&#xE1;n Jaramillo Ossa</subfield>
    <subfield code="t">Derivados peso/d&#xF3;lar en el exterior / </subfield>
    <subfield code="r">Jos&#xE9; Luis Y&#xE9;pez</subfield>
    <subfield code="t">Sistemas de pagos y compensaci&#xF3;n / </subfield>
    <subfield code="r">Fernando Copete Saldarriaga</subfield>
    <subfield code="t">Finanzas p&#xFA;blicas en 1999: d&#xE9;ficit estructural. deuda territorial y financiaci&#xF3;n del d&#xE9;ficit / </subfield>
    <subfield code="r">Alberto Calder&#xF3;n Zuleta</subfield>
    <subfield code="t">Curva de rendimientos / </subfield>
    <subfield code="r">Germ&#xE1;n Salazar


</subfield>
    <subfield code="t">Mercado de deuda p&#xFA;blica en coyunturas de crisis: el caso espa&#xF1;ol / </subfield>
    <subfield code="r">Eduardo Agust&#xED;n</subfield>
    <subfield code="t">Manejo de las tesorer&#xED;as en situaciones de crisis: el caso de Argentina / </subfield>
    <subfield code="r">Jos&#xE9; Oscar Fern&#xE1;ndez

</subfield>
    <subfield code="t">Las tesorer&#xED;as en tiempos de crisis: el caso de Brasil / 

</subfield>
    <subfield code="r">Jos&#xE9; Flavio Ramos</subfield>
    <subfield code="t">An&#xE1;lisis de riesgo y crisis financiera / 

</subfield>
    <subfield code="r">Fernando del Olmo</subfield>
    <subfield code="t">Impuestos a las transacciones monetarias, alteraciones a los mercados / 

</subfield>
    <subfield code="r">Martha Luc&#xED;a Moreno</subfield>
    <subfield code="t">Impacto econ&#xF3;mico y financiero del impuesto a las transacciones financieras / 

</subfield>
    <subfield code="r">Javier Fern&#xE1;ndez Riva</subfield>
    <subfield code="t">El impuesto a las transacciones financieras y su incidencia en los mercados monetario y cambiario / </subfield>
    <subfield code="g">Gerardo Hern&#xE1;ndez Correa
</subfield>
  </datafield>
  <datafield tag="650" ind1="1" ind2="4">
    <subfield code="a">Crisis financiera internacional</subfield>
    <subfield code="9">16807</subfield>
    <subfield code="v">Congresos, conferencias, etc.</subfield>
  </datafield>
  <datafield tag="650" ind1="2" ind2="4">
    <subfield code="a">Pol&#xED;tica econ&#xF3;mica</subfield>
    <subfield code="v">Congresos, conferencias, etc.</subfield>
    <subfield code="9">39255</subfield>
  </datafield>
  <datafield tag="650" ind1="2" ind2="4">
    <subfield code="a">Sector financiero</subfield>
    <subfield code="v">Congresos, conferencias, etc.</subfield>
    <subfield code="9">39256</subfield>
  </datafield>
  <datafield tag="942" ind1=" " ind2=" ">
    <subfield code="2">ddc</subfield>
    <subfield code="c">BK</subfield>
  </datafield>
  <datafield tag="999" ind1=" " ind2=" ">
    <subfield code="c">8271</subfield>
    <subfield code="d">8271</subfield>
  </datafield>
  <datafield tag="952" ind1=" " ind2=" ">
    <subfield code="0">0</subfield>
    <subfield code="1">0</subfield>
    <subfield code="2">ddc</subfield>
    <subfield code="4">0</subfield>
    <subfield code="7">0</subfield>
    <subfield code="8">NFIC</subfield>
    <subfield code="a">CPL</subfield>
    <subfield code="b">CPL</subfield>
    <subfield code="d">2018-04-15</subfield>
    <subfield code="e">Donaci&#xF3;n</subfield>
    <subfield code="l">2</subfield>
    <subfield code="o">332.6029 / C749c</subfield>
    <subfield code="p">430002860</subfield>
    <subfield code="r">2024-05-16 00:00:00</subfield>
    <subfield code="s">2022-11-10</subfield>
    <subfield code="t">Ej.1</subfield>
    <subfield code="y">BK</subfield>
  </datafield>
  <datafield tag="952" ind1=" " ind2=" ">
    <subfield code="0">0</subfield>
    <subfield code="1">0</subfield>
    <subfield code="2">ddc</subfield>
    <subfield code="4">0</subfield>
    <subfield code="7">0</subfield>
    <subfield code="8">NFIC</subfield>
    <subfield code="a">CPL</subfield>
    <subfield code="b">CPL</subfield>
    <subfield code="d">2018-04-15</subfield>
    <subfield code="e">Donaci&#xF3;n</subfield>
    <subfield code="l">0</subfield>
    <subfield code="o">332.6029 / C749c</subfield>
    <subfield code="p">430002859</subfield>
    <subfield code="r">2024-05-16 00:00:00</subfield>
    <subfield code="t">Ej.2</subfield>
    <subfield code="w">2021-08-11</subfield>
    <subfield code="y">BK</subfield>
  </datafield>
</record>
